[Event "St Petersburg-ch Seniors Blitz (Women)"]
[Site "St Petersburg"]
[Date "2022.10.05"]
[Round "3"]
[White "Kapelkina, Galina"]
[Black "Grigoryeva, Olga"]
[Result "0-1"]
[WhiteElo "1771"]
[BlackElo "1840"]
[PlyCount "45"]
[EventDate "2022.10.05"]
[EventType "swiss (blitz)"]
[EventRounds "11"]
[EventCountry "RUS"]
[SourceTitle "CBM 210 Extra"]
[Source "ChessBase"]
[SourceDate "2022.11.30"]
[SourceVersion "1"]
[SourceVersionDate "2022.11.30"]
[SourceQuality "1"]

1. d4 d5 2. Nf3 Nf6 3. c4 c6 4. Nc3 dxc4 5. a4 Bf5 6. e3 e6 7. Bxc4 Nbd7 8. 0-0 Be7 9. Bd3 Bg4 10. e4 0-0 11. Bf4 Qb6 12. e5 Nd5 13. Nxd5 cxd5 14. Qc2 Bxf3 15. Bxh7+ Kh8 16. gxf3 g6 17. Bg3 Kxh7 18. Qe2 Rac8 19. f4 Qxd4 20. Qg4 Qe4 21. Qh3+ Kg7 22. Rfe1 Qf5 23. Qg2 0-1

[Event "St Petersburg-ch Seniors Blitz (Women)"]
[Site "St Petersburg"]
[Date "2022.10.05"]
[Round "7"]
[White "Kazantseva, Alla"]
[Black "Grigoryeva, Olga"]
[Result "0-1"]
[WhiteElo "1611"]
[BlackElo "1840"]
[PlyCount "52"]
[EventDate "2022.10.05"]
[EventType "swiss (blitz)"]
[EventRounds "11"]
[EventCountry "RUS"]
[SourceTitle "CBM 210 Extra"]
[Source "ChessBase"]
[SourceDate "2022.11.30"]
[SourceVersion "1"]
[SourceVersionDate "2022.11.30"]
[SourceQuality "1"]

1. Nc3 d5 2. e3 e5 3. d4 exd4 4. exd4 Bb4 5. Bd2 Nf6 6. Nce2 Bd6 7. g3 0-0 8. Bg2 Ne4 9. Nf3 c6 10. c3 Bg4 11. h3 Be6 12. Qc2 a5 13. Nf4 Re8 14. 0-0 Nxd2 15. Qxd2 Bf5 16. Rfe1 Nd7 17. Rxe8+ Qxe8 18. Re1 Qd8 19. Nh4 Bg6 20. Nhxg6 hxg6 21. Qc1 Qf6 22. Nd3 Qf5 23. Qd2 Nf6 24. f4 Ne4 25. Qc2 Nxg3 26. Ne5 Qxc2 0-1

[Event "St Petersburg-ch Seniors (Women)"]
[Site "St Petersburg"]
[Date "2022.10.02"]
[Round "9"]
[White "Grigoryeva, Olga"]
[Black "Kozlovskaya, Valentina"]
[Result "1/2-1/2"]
[WhiteElo "1940"]
[BlackElo "2067"]
[PlyCount "87"]
[EventDate "2022.09.24"]
[EventType "swiss"]
[EventRounds "9"]
[EventCountry "RUS"]
[SourceTitle "CBM 210 Extra"]
[Source "ChessBase"]
[SourceDate "2022.11.30"]
[SourceVersion "1"]
[SourceVersionDate "2022.11.30"]
[SourceQuality "1"]

1. e4 c5 2. c3 e6 3. d4 cxd4 4. cxd4 d6 5. Nc3 Be7 6. Bb5+ Bd7 7. Nge2 a6 8. Bxd7+ Nxd7 9. 0-0 Ngf6 10. Qb3 Qb6 11. Qxb6 Nxb6 12. b3 h6 13. Bb2 0-0 14. f3 d5 15. e5 Nh7 16. a4 Rfc8 17. Rac1 Bb4 18. Nb1 Nf8 19. Rxc8 Rxc8 20. Rc1 f6 21. Rxc8 Nxc8 22. f4 Kf7 23. Ba3 Be7 24. Bxe7 Nxe7 25. Kf2 h5 26. Nd2 Nc6 27. exf6 gxf6 28. Ke3 Ng6 29. Nf3 h4 30. g3 hxg3 31. hxg3 Nge7 32. g4 Na5 33. Nc1 Nec6 34. g5 fxg5 35. fxg5 Nd8 36. Ne5+ Kg7 37. Kf4 b6 38. Nd7 Nac6 39. Ne2 b5 40. axb5 axb5 41. Nc5 Kg6 42. Nd7 Kg7 43. Nc5 Kg6 44. Nd7 1/2-1/2

[Event "St Petersburg-ch Seniors (Women)"]
[Site "St Petersburg"]
[Date "2022.09.28"]
[Round "5"]
[White "Grigoryeva, Olga"]
[Black "Kazantseva, Alla"]
[Result "1-0"]
[WhiteElo "1940"]
[BlackElo "1654"]
[PlyCount "79"]
[EventDate "2022.09.24"]
[EventType "swiss"]
[EventRounds "9"]
[EventCountry "RUS"]
[SourceTitle "CBM 210 Extra"]
[Source "ChessBase"]
[SourceDate "2022.11.30"]
[SourceVersion "1"]
[SourceVersionDate "2022.11.30"]
[SourceQuality "1"]

1. e4 e5 2. Nf3 Nc6 3. Bb5 g6 4. c3 Bg7 5. d4 exd4 6. cxd4 a6 7. Ba4 Nf6 8. e5 Nd5 9. Bg5 Nce7 10. Bb3 Nb6 11. a4 a5 12. Nc3 h6 13. Bf6 Bxf6 14. exf6 Ng8 15. Qe2+ Kf8 16. Ne5 d5 17. 0-0 c6 18. Bc2 Qxf6 19. f4 Bf5 20. g4 Bxc2 21. Qxc2 Ne7 22. Qb3 Ra6 23. Rf2 Qd6 24. Nd3 Qc7 25. Nc5 Ra8 26. Qxb6 Qc8 27. Qxb7 Qxg4+ 28. Rg2 Qxf4 29. Qxa8+ Kg7 30. Qxa5 Qe3+ 31. Kh1 Nf5 32. Nd1 Qf3 33. Qd2 Re8 34. Qf2 Qh5 35. Nc3 Re3 36. Rf1 Kh8 37. Nd7 Re6 38. Qf4 Qh3 39. Qb8+ Kh7 40. Nf8+ 1-0

[Event "St Petersburg-ch Seniors (Women)"]
[Site "St Petersburg"]
[Date "2022.09.25"]
[Round "2"]
[White "Grigoryeva, Olga"]
[Black "Malinicheva, Lidia"]
[Result "1-0"]
[WhiteElo "1940"]
[BlackElo "1845"]
[PlyCount "83"]
[EventDate "2022.09.24"]
[EventType "swiss"]
[EventRounds "9"]
[EventCountry "RUS"]
[SourceTitle "CBM 210 Extra"]
[Source "ChessBase"]
[SourceDate "2022.11.30"]
[SourceVersion "1"]
[SourceVersionDate "2022.11.30"]
[SourceQuality "1"]

1. e4 d6 2. d4 g6 3. f4 Nd7 4. Nf3 Bg7 5. Bd3 e6 6. c3 a6 7. Be3 Ne7 8. Nbd2 b6 9. Qe2 Bb7 10. h4 h5 11. Ng5 Nf6 12. 0-0-0 Ng4 13. Rhf1 Qd7 14. Bg1 f6 15. Nh3 0-0 16. Nf2 f5 17. Nxg4 fxg4 18. Kb1 a5 19. Rde1 e5 20. fxe5 dxe5 21. d5 Bf6 22. g3 Qd8 23. Be3 Nc8 24. Bh6 Rf7 25. Rf2 Nd6 26. Nc4 Qe7 27. Ref1 Bg7 28. Nxd6 Rxf2 29. Qxf2 Bxh6 30. Nxb7 Ra7 31. Nd8 Ra8 32. Qf7+ Qxf7 33. Nxf7 Bg7 34. Ng5 Bf8 35. Ne6 Bd6 36. Rf6 Kh7 37. Kc2 Re8 38. Nxc7 Rd8 39. Ne6 Rd7 40. Bb5 Be7 41. Rf7+ Kg8 42. Rg7+ 1-0

[Event "Cheliabinsk Kurnosov Memorial rapid"]
[Site "Cheliabinsk"]
[Date "2017.09.08"]
[Round "1"]
[White "Bocharov, Ivan"]
[Black "Grigoryeva, Olga"]
[Result "1-0"]
[WhiteElo "2534"]
[BlackElo "1986"]
[PlyCount "89"]
[EventDate "2017.09.08"]
[EventType "swiss (rapid)"]
[EventRounds "11"]
[EventCountry "RUS"]
[SourceTitle "CBM 180 Extra"]
[Source "ChessBase"]
[SourceDate "2017.10.06"]
[SourceVersion "1"]
[SourceVersionDate "2017.10.06"]
[SourceQuality "1"]

1. e4 e5 2. Nf3 Nc6 3. Bc4 Be7 4. d4 d6 5. dxe5 dxe5 6. Qxd8+ Bxd8 7. Nc3 f6 8. Be3 Na5 9. Be2 Be6 10. 0-0-0 Ne7 11. g4 Kf7 12. g5 Nc4 13. Bc5 Rc8 14. b3 Nb6 15. gxf6 gxf6 16. Nh4 Nd7 17. Bh5+ Ng6 18. Ba3 Rg8 19. Rhg1 Be7 20. Bxe7 Kxe7 21. Nxg6+ hxg6 22. Bxg6 Rg7 23. h4 Rcg8 24. h5 Nf8 25. Nb5 Nxg6 26. hxg6 Rxg6 27. Rxg6 Rxg6 28. Nxc7 Rg2 29. Rd2 Bg4 30. Nd5+ Ke6 31. f4 Rxd2 32. Kxd2 exf4 33. Nxf4+ Ke5 34. Ke3 Bd1 35. Nd3+ Kd6 36. c4 Bc2 37. Kd4 Bb1 38. a3 a5 39. Nc5 b6 40. Na4 Kc6 41. Nc3 Bc2 42. b4 axb4 43. axb4 Bb3 44. b5+ Kd6 45. Nd5 1-0

[Event "Cheliabinsk Postovalov Memorial 4th"]
[Site "Cheliabinsk"]
[Date "2010.01.04"]
[Round "2"]
[White "Grigoryeva, Olga"]
[Black "Lefebr, Vladislav"]
[Result "1/2-1/2"]
[WhiteElo "1986"]
[BlackElo "2079"]
[PlyCount "113"]
[EventDate "2010.01.04"]
[EventType "swiss"]
[EventRounds "9"]
[EventCountry "RUS"]
[SourceTitle "CBM 134 Extra"]
[Source "ChessBase"]
[SourceDate "2010.03.03"]
[SourceVersion "1"]
[SourceVersionDate "2010.03.03"]
[SourceQuality "1"]

1. e4 e5 2. Nf3 d5 3. exd5 e4 4. Qe2 Nf6 5. d3 Qxd5 6. Nbd2 Nc6 7. Nxe4 Be6 8. Bg5 Be7 9. Nxf6+ gxf6 10. Bd2 0-0-0 11. b3 Bg4 12. Qe4 Qxe4+ 13. dxe4 Bxf3 14. gxf3 Nd4 15. 0-0-0 Ba3+ 16. Kb1 Nxf3 17. Bh3+ Kb8 18. Bc1 Bxc1 19. Kxc1 a5 20. Bg4 Ng5 21. Bf5 h5 22. h4 Nf3 23. Rxd8+ Rxd8 24. Rh3 Ng1 25. Re3 a4 26. a3 c6 27. b4 Kc7 28. c3 Kb6 29. Kc2 Kb5 30. e5 fxe5 31. Rxe5+ Rd5 32. Bd3+ Kb6 33. Rxd5 cxd5 34. c4 Nf3 35. cxd5 Nxh4 36. Be2 f6 37. Bxh5 Kc7 38. Kc3 Kd6 39. Kc4 Ng2 40. Bf3 Nf4 41. Be4 Ke5 42. Bf3 Kd6 43. Kd4 f5 44. Kc4 Nh3 45. Bd1 Nxf2 46. Bxa4 Ng4 47. Kd4 Nf6 48. Bb3 f4 49. Bc4 f3 50. Ke3 Ng4+ 51. Kd4 f2 52. a4 Nh2 53. a5 Nf3+ 54. Ke3 Ne5 55. Be2 Kxd5 56. Kxf2 Nc6 57. b5 1/2-1/2

[Event "Cheliabinsk-ch (Women)"]
[Site "Cheliabinsk"]
[Date "2008.01.11"]
[Round "2"]
[White "Baraeva, Marina"]
[Black "Grigoryeva, Olga"]
[Result "1-0"]
[WhiteElo "2112"]
[BlackElo "1963"]
[PlyCount "68"]
[EventDate "2008.01.10"]
[EventType "tourn"]
[EventRounds "11"]
[EventCountry "RUS"]
[SourceTitle "EXT 2010"]
[Source "ChessBase"]
[SourceDate "2010.11.25"]
[SourceVersion "1"]
[SourceVersionDate "2010.11.25"]
[SourceQuality "1"]

1. d4 d5 2. Nc3 Nf6 3. Bg5 Bf5 4. Nf3 Nbd7 5. e3 h6 6. Bh4 e6 7. Bd3 g5 8. Bg3 Ne4 9. Bxe4 dxe4 10. Nd2 Bb4 11. Nb5 Ba5 12. b4 a6 13. Nd6+ cxd6 14. bxa5 Qc7 15. Nb3 Rc8 16. Rc1 Qc3+ 17. Qd2 Ke7 18. Qxc3 Rxc3 19. Kd2 Rc4 20. c3 Rhc8 21. Rc2 h5 22. h3 f6 23. Rb1 e5 24. Rbb2 R8c7 25. Rc1 Nb8 26. Bh2 Be6 27. Bg3 Bd5 28. Na1 Ra4 29. Nb3 Nc6 30. Rcc2 Kd7 31. Rb1 Nxa5 32. Nxa5 Rxa5 33. Rbb2 b5 34. Bh2 Ra3 1-0

[Event "Cheliabinsk-ch (Women)"]
[Site "Cheliabinsk"]
[Date "2008.01.10"]
[Round "1"]
[White "Mikleeva, Ais"]
[Black "Grigoryeva, Olga"]
[Result "1/2-1/2"]
[WhiteElo "1940"]
[BlackElo "1963"]
[PlyCount "79"]
[EventDate "2008.01.10"]
[EventType "tourn"]
[EventRounds "11"]
[EventCountry "RUS"]
[SourceTitle "EXT 2010"]
[Source "ChessBase"]
[SourceDate "2010.11.25"]
[SourceVersion "1"]
[SourceVersionDate "2010.11.25"]
[SourceQuality "1"]

1. d4 d5 2. c4 c6 3. Nc3 Nf6 4. Nf3 dxc4 5. e4 b5 6. a4 b4 7. Na2 Nxe4 8. Bxc4 e6 9. Qc2 Nf6 10. Bg5 a5 11. 0-0 Be7 12. Nc1 0-0 13. Nb3 Nd5 14. Bxe7 Qxe7 15. Bd3 g6 16. Ne5 Nf4 17. Be4 Ba6 18. Rfe1 Bb7 19. Nxc6 Nxc6 20. Bxc6 Rfc8 21. Qe4 Nh3+ 22. gxh3 Bxc6 23. Qe5 Qh4 24. Re3 Bd5 25. Nc5 f6 26. Qd6 Rc6 27. Qd7 Rac8 28. Rd1 Qg5+ 29. Rg3 Qf4 30. Re3 Qg5+ 31. Rg3 Qh5 32. Re1 Qf5 33. b3 R6c7 34. Qd6 h5 35. h4 Rc6 36. Qd7 R8c7 37. Qe8+ Kg7 38. Nd7 Rc1 39. Qf8+ Kh7 40. Qf7+ 1/2-1/2